| 000 | 00659nam a2200241Ia 4500 | ||
|---|---|---|---|
| 003 | OSt | ||
| 005 | 20220925182135.0 | ||
| 006 | a|||||r|||| 00| 0 | ||
| 007 | ta | ||
| 008 | 220923b |||||||| |||| 00| 0 eng d | ||
| 020 | _a025202846 | ||
| 037 | _cGeneral Book | ||
| 040 |
_aRTL _cRTL _beng |
||
| 041 |
_2eng _aeng |
||
| 082 | _aRxN06L, P3 | ||
| 100 |
_aLevinas Emmanuel _917776 |
||
| 245 | 0 | _aHumanism of the other | |
| 260 |
_aChicago _bUniversity of Illinois Press _c2003 |
||
| 300 |
_axiv, 83p _ccm. |
||
| 650 |
_aPhilosophy-Levinas _9230823 |
||
| 942 |
_hRxN06L, P3 _cGB _2CC |
||
| 999 |
_c501453 _d501453 |
||